01034pab a2200193 454500008004000000100001600040245008300056260000900139300001500148362001200163520044800175650001800623650001800641773004400659908000600703909001000709999001700719952010400736180718b2002 xxu||||| |||| 00| 0 eng d aSingh, S.S. aConstitution and the civil services - Reflection of safeguards and obligations c2002 ap.694-708. aOct-Dec aThe object of this article is to discuss constitutional and legal safeguards available, in the form of procedural fairness, to the civil servants. It examines the relevance of constitutional provisions providing safeguards to the civil service in view of present thrust on good governance which in turn emphasise, inter alia on openness, fairness, rationality, impartiality, accountability and participation in governing process. - Reproduced. aConstitutions aCivil service aIndian Journal of Public Administration aN a57548 c57548d57548 00104070aIIPAbIIPAd2018-07-19hVolume no: 48, Issue no: 4pAR57993r2018-07-19w2018-07-19yAR